Test de Rapidité - Lettre "K" - Statistiques

Statistiques générales
  • Ce quiz a été pris 892 fois
  • Le résultat moyen est 93 sur 100
Statistiques - réponses
Lettre "K" % Correct
K
100%
K
99%
K
99%
K
99%
K
99%
K
99%
K
98%
K
98%
K
98%
K
98%
K
98%
K
98%
K
98%
K
98%
K
98%
K
98%
K
98%
K
98%
K
98%
K
98%
K
97%
K
97%
K
97%
K
97%
K
97%
K
97%
K
97%
K
97%
K
97%
K
97%
K
97%
K
97%
K
96%
K
96%
K
96%
K
96%
K
96%
K
96%
K
96%
K
96%
K
96%
K
96%
K
96%
K
96%
K
96%
K
96%
K
96%
K
96%
K
96%
K
96%
K
96%
K
95%
K
95%
K
95%
K
95%
K
95%
K
95%
K
94%
K
94%
K
94%
K
94%
K
94%
K
94%
K
94%
K
94%
K
94%
K
93%
K
93%
K
93%
K
93%
K
93%
K
93%
K
92%
K
92%
K
91%
K
91%
K
91%
K
91%
K
91%
K
90%
K
89%
K
89%
K
89%
K
88%
K
87%
K
87%
K
86%
K
85%
K
84%
K
83%
K
82%
K
81%
K
80%
K
79%
K
78%
K
77%
K
76%
K
75%
K
73%
K
73%
Aucun quiz correspondant
Distribution des résultats
% des personnes avec chaque résultat
Percentile par nombre de réponses
Votre historique - résultats
Vous n’avez pas pris ce quiz